000 00843nam a2200229 i 4500
001 129513
003 ES-MaACL
005 20250809042455.0
007 t|
008 070625s1973 sp ||||1| spa d
020 _a84-600-5536-1
080 _a342.7(100)(094.5)
245 0 0 _aTextos básicos sobre derechos humanos /
_cedición preparada por Gregorio Peces-Barba Martínez ; con la colaboración de Liborio Hierro Sánchez-Pescador.
260 _aMadrid :
_bUniversidad Complutense, Facultad de Derecho,
_c1973.
300 _a459 p. ;
_c21 cm.
650 7 _aDerechos humanos
_2embne
_911770
700 1 _aPeces-Barba, Gregorio,
_d1938-
_989835
700 1 _aHierro, Liborio L.
_9173863
710 2 _aUniversidad Complutense de Madrid.
_bFacultad de Derecho.
_97119
852 4 _aES-MaACL
_jC-52064
999 _c129513
_d129513